সুন্দরবনের ইতিহাস : খ. ২ ও ৩ / (Record no. 104295)
[ view plain ]
| 000 -LEADER | |
|---|---|
| fixed length control field | 00915nam a22002057a 4500 |
| 003 - CONTROL NUMBER IDENTIFIER | |
| control field | BD-DhUL |
| 005 - DATE AND TIME OF LATEST TRANSACTION | |
| control field | 20220821112737.0 |
| 008 - FIXED-LENGTH DATA ELEMENTS--GENERAL INFORMATION | |
| fixed length control field | 160821s1967 bg a|f|| |b|| 001 0 ben |
| 040 ## - CATALOGING SOURCE | |
| Transcribing agency | BD-DhUL |
| Modifying agency | BD-DhUL |
| 082 ## - DEWEY DECIMAL CLASSIFICATION NUMBER | |
| Classification number | 954.925 |
| Item number | JAS |
| 100 1# - MAIN ENTRY--PERSONAL NAME | |
| Personal name | জলীল, এ. এফ. এম আবদুল |
| 245 00 - TITLE STATEMENT | |
| Title | সুন্দরবনের ইতিহাস : খ. ২ ও ৩ / |
| Statement of responsibility, etc. | এ. এফ. এম আবদুল জলীল । |
| 260 ## - PUBLICATION, DISTRIBUTION, ETC. (IMPRINT) | |
| Place of publication, distribution, etc. | ঢাকা : |
| Name of publisher, distributor, etc. | লিস্কম্যান, |
| Date of publication, distribution, etc. | ১৯৬৭ । |
| 300 ## - PHYSICAL DESCRIPTION | |
| Extent | খ., [৫] পাতা প্লেটস : |
| Other physical details | সম্মুখ চিত্র ; |
| Dimensions | ২০ সেমি. |
| 365 ## - TRADE PRICE | |
| Price type code | BDT |
| Price amount | 15.00 |
| 504 ## - BIBLIOGRAPHY, ETC. NOTE | |
| Bibliography, etc | গ্রন্থপঞ্জিগত তথ্য ও নির্ঘন্ট সংবলিত । |
| 651 #4 - SUBJECT ADDED ENTRY--GEOGRAPHIC NAME | |
| Geographic name | সুন্দরবন |
| General subdivision | ইতিহাস । |
| 651 #4 - SUBJECT ADDED ENTRY--GEOGRAPHIC NAME | |
| Geographic name | Sundarbans |
| General subdivision | History. |
| 942 ## - ADDED ENTRY ELEMENTS (KOHA) | |
| Source of classification or shelving scheme | |
| Koha item type | Books |
| Date last seen | Permanent Location | Not for loan | Date acquired | Source of classification or shelving scheme | Koha item type | Lost status | Withdrawn status | Copy number | Source of acquisition | Collection code | Damaged status | Shelving location | Barcode | Current Location | Full call number |
|---|---|---|---|---|---|---|---|---|---|---|---|---|---|---|---|
| 2016-09-05 | Dhaka University Library | 2016-09-05 | Books | 1 | Purchased | Non Fiction | General Stacks | A66863 | Dhaka University Library | 954.925 JAS | |||||
| 2016-09-05 | Dhaka University Library | 2016-09-05 | Books | 2 | Purchased | Non Fiction | General Stacks | A66864 | Dhaka University Library | 954.925 JAS | |||||
| 2016-09-05 | Dhaka University Library | 2016-09-05 | Books | 3 | Purchased | Non Fiction | General Stacks | A66865 | Dhaka University Library | 954.925 JAS | |||||
| 2016-09-05 | Dhaka University Library | 2016-09-05 | Books | 4 | Purchased | Non Fiction | General Stacks | A66868 | Dhaka University Library | 954.925 JAS | |||||
| 2016-09-05 | Dhaka University Library | 2016-09-05 | Books | 5 | Purchased | Non Fiction | General Stacks | A66869 | Dhaka University Library | 954.925 JAS | |||||
| 2016-09-05 | Dhaka University Library | 2016-09-05 | Books | 6 | Purchased | Non Fiction | General Stacks | A66871 | Dhaka University Library | 954.925 JAS | |||||
| 2016-09-05 | Dhaka University Library | 2016-09-05 | Books | 7 | Purchased | Non Fiction | General Stacks | A66873 | Dhaka University Library | 954.925 JAS |
